Normal view
MARC view
- INORGANIC CHEMISTRY
Entry Topical Term
001 - CONTROL NUMBER
- control field: 61249
003 - CONTROL NUMBER IDENTIFIER
- control field: NUST
005 - DATE AND TIME OF LATEST TRANSACTION
- control field: 20210628202724.0
008 - FIXED-LENGTH DATA ELEMENTS
- fixed length control field: 210628|| aca||aabn | a|a d
040 ## - CATALOGING SOURCE
- Original cataloging agency: NUST
- Transcribing agency: NUST
150 ## - HEADING--TOPICAL TERM
- Topical term or geographic name entry element: INORGANIC CHEMISTRY
670 ## - SOURCE DATA FOUND
- Source citation: Work cat.: (NUST): Sharpe, Alan .G 61248, Inorganic chemistry, 2007
